| 000 | 01036cam a2200373 4500 | ||
|---|---|---|---|
| 001 | ABS68806 | ||
| 008 | 050322n2005 000 0 eng u | ||
| 035 | _a(Sirsi) u129138 | ||
| 245 | _aLocate in Britain | ||
| 260 | _c2005 | ||
| 490 |
_aEstates Gazette _v2005 (51) (LOAN) |
||
| 520 | _aSeries of articles on investment and relocation opportunities in Britain, beginning with an overview and then looking at the regions, Wales, Scotland and Northern Ireland. | ||
| 590 | _aABS | ||
| 650 | _aBUSINESS LOCATION | ||
| 650 | _aLONDON | ||
| 650 | _aSOUTHEAST ENGLAND | ||
| 650 | _aEAST MIDLANDS | ||
| 650 | _aDERBY | ||
| 650 | _aCORBY | ||
| 650 | _aLINCOLNSHIRE | ||
| 650 | _aWEST MIDLANDS | ||
| 650 | _aYORKSHIRE | ||
| 650 | _aLEEDS | ||
| 650 | _aROTHERHAM | ||
| 650 | _aNORTHEAST ENGLAND | ||
| 650 | _aMANCHESTER | ||
| 650 | _aLIVERPOOL | ||
| 650 | _aSOUTHWEST ENGLAND | ||
| 650 | _aWALES | ||
| 650 | _aSCOTLAND | ||
| 650 | _aNORTHERN IRELAND | ||
| 690 | _aPROPERTY-COMMERCIAL PROPERTY | ||
| 942 | _n0 | ||
| 999 |
_c74970 _d74970 |
||